TV Shows by picture - Statistics

General Stats
  • This quiz has been taken 109 times
  • The average score is 8 of 16
Answer Stats
Picture Answer % Correct
Stranger Things
92%
Game of Thrones
82%
Squid Game
82%
Sherlock
79%
Dexter
78%
The Walking Dead
78%
Lost
63%
Breaking Bad
54%
Better Call Saul
43%
Manifest
37%
Narcos
37%
Prison Break
36%
Lupin
28%
American Horror Story
25%
Fargo
14%
Casa del papel
8%
No matching quizzes found
Score Distribution
Percent of People with Each Score
Percentile by Number Answered
Your Score History
You have not taken this quiz